Abejas: un mundo biológicamente extraordinario.
Сохранить в:
| Главный автор: | |
|---|---|
| Формат: | |
| Язык: | испанский |
| Опубликовано: |
Zaragoza, España
Acribia
2010
|
| Предметы: | |
| Метки: |
Добавить метку
Нет меток, Требуется 1-ая метка записи!
|
MARC
| LEADER | 00000cam a2200000 a 4500 | ||
|---|---|---|---|
| 001 | UCC2048 | ||
| 003 | CL-VaPUC | ||
| 005 | 20221122074351.0 | ||
| 008 | 171230e20100000sp |||||||||||||||||spa|d | ||
| 999 | |c 370349 |d 370347 | ||
| 020 | |a 978842011394 | ||
| 040 | |c Pontificia Universidad Católica de Valparaíso | ||
| 082 | 0 | 4 | |a 638.1 TAU 2010 |2 21 |
| 100 | 0 | |a Tautz, Jurgen |9 596188 | |
| 245 | 1 | 0 | |a Abejas: un mundo biológicamente extraordinario. |
| 260 | 0 | 3 | |a Zaragoza, España |b Acribia |c 2010 |
| 300 | |a 275 páginas. | ||
| 500 | |a Fotografías de Helga R. Heilmann | ||
| 583 | |a last modification |c 20190801 08:38:36 |k Rodrigo Vera | ||
| 650 | 0 | |a Abejas (Apoidea) |9 269522 | |
| 650 | 0 | |a Apicultura |9 264400 | |
| 942 | |c BK |2 ddc | ||
| 945 | |d 20171230 00:11:00 |a dcastane | ||
| 952 | |0 0 |1 0 |2 ddc |3 erb |4 0 |6 638_100000000000000_TAU_2010 |7 0 |8 R |9 486750 |a BIBAGR |b BIBAGR |i 5444772 |l 3 |o 638.1 TAU 2010 |p 5444772 |r 2025-01-20 |s 2022-10-12 |t 1 |w 2019-11-24 |y BK_R |z Catalogado en:20171230 |k AGR | ||
| 952 | |0 0 |1 0 |2 ddc |3 erb |4 0 |6 638_100000000000000_TAU_2010 |7 0 |8 R |9 486751 |a BIBAGR |b BIBAGR |i 5444764 |o 638.1 TAU 2010 |p 5444764 |r 2025-01-20 |t 2 |w 2019-11-24 |y BK_R |z Catalogado en:20171230 |k AGR | ||
| 952 | |0 0 |1 0 |2 ddc |3 erb |4 0 |6 638_100000000000000_TAU_2010 |7 0 |8 R |9 486752 |a BIBAGR |b BIBAGR |i 5444756 |o 638.1 TAU 2010 |p 5444756 |r 2025-01-20 |t 3 |w 2019-11-24 |y BK_R |z Catalogado en:20171230 |k AGR | ||